书目信息 |
| 题名: |
宣传工作手册
|
|
| 作者: | 韩喜凯 主编 ;王卓明 , 王兆成 , 鞠茂勤 , 刘相诚 编 | |
| 分册: | ||
| 出版信息: | 济南 山东人民出版社 1986 |
|
| 页数: | 576页 | |
| 开本: | 20cm | |
| 丛书名: | ||
| 单 册: | ||
| 中图分类: | D261.5-62 | |
| 科图分类: | ||
| 主题词: | 宣传工作-中国共产党--手册 | |
| 电子资源: | ||
| ISBN: | ||
| 000 | 00856nam0 2200289 45 | |
| 001 | 0186019730 | |
| 005 | 20070801111315.48 | |
| 010 | @dCNY3.55 | |
| 091 | @a17099.35 | |
| 100 | @a19931113d1986 em y0chiy0121 ea | |
| 101 | 0 | @achi |
| 102 | @aCN@b370000 | |
| 105 | @ak z 000yy | |
| 200 | 10 | @a宣传工作手册@Axuan chuan gong zuo shou ce@f韩喜凯主编@g鞠茂勤等编 |
| 210 | @a济南@c山东人民出版社@d1986 | |
| 215 | @a576页@c表@d20cm | |
| 601 | 02 | @a中国共产党@x宣传工作@x手册 |
| 606 | @a宣传工作-中国共产党@x手册 | |
| 690 | @aD261.5-62@v3 | |
| 701 | 0 | @a韩喜凯@Ahan xi kai@4主编 |
| 702 | 0 | @a王卓明@Awang zhuo ming@4编 |
| 702 | 0 | @a王兆成@Awang zhao cheng@4编 |
| 702 | 0 | @a鞠茂勤@Aju mao qin@4编 |
| 702 | 0 | @a刘相诚@Aliu xiang cheng@4编 |
| 801 | 0 | @aCN@b深圳图书馆@c20070801 |
| 801 | 2 | @aCN@bNLC@c20070706 |
| 905 | @f1@b161533@dD261.5-62@e26 | |
| 宣传工作手册/韩喜凯主编/鞠茂勤等编.-济南:山东人民出版社,1986 |
| 576页:表;20cm |
| ISBN :CNY3.55 |
| ● |
| 相关链接 |
|
|
|
|
正题名:宣传工作手册
索取号:D261.5-62/26
 
预约/预借
| 序号 | 登录号 | 条形码 | 馆藏地/架位号 | 状态 | 备注 |
| 1 | 0161533 | 000383481 | 第一样本阅览室/ [索取号:D261.5-62/26] | 在馆 | |
| 2 | 0161534 | 001611125 | 密集书库/ [索取号:D261.5-62/26] | 在馆 | |
| 3 | 0766841 | 207668415 | 密集书库/ [索取号:D261.5-62/26] | 在馆 | |
| 4 | 0790213 | 207902135 | 密集书库/ [索取号:D261.5-62/26] | 在馆 |